<?xml version="1.0" encoding="UTF-8"?>
<record
    xmlns:xsi="http://www.w3.org/2001/XMLSchema-instance"
    xsi:schemaLocation="http://www.loc.gov/MARC21/slim http://www.loc.gov/standards/marcxml/schema/MARC21slim.xsd"
    xmlns="http://www.loc.gov/MARC21/slim">

  <leader>01033nam a22002057a 4500</leader>
  <controlfield tag="005">20241126113316.0</controlfield>
  <datafield tag="010" ind1=" " ind2=" ">
    <subfield code="a">HIN-128682</subfield>
  </datafield>
  <datafield tag="020" ind1=" " ind2=" ">
    <subfield code="c">350.00</subfield>
    <subfield code="a">9788195213658</subfield>
  </datafield>
  <datafield tag="035" ind1=" " ind2=" ">
    <subfield code="a">HN-101028</subfield>
  </datafield>
  <datafield tag="037" ind1=" " ind2=" ">
    <subfield code="b">DBAD</subfield>
  </datafield>
  <datafield tag="082" ind1=" " ind2=" ">
    <subfield code="a">808.88</subfield>
  </datafield>
  <datafield tag="245" ind1=" " ind2=" ">
    <subfield code="a">&#x921;&#x949;. &#x92E;&#x93F;&#x925;&#x93F;&#x932;&#x947;&#x936; &#x926;&#x940;&#x915;&#x94D;&#x937;&#x93F;&#x924; &#x915;&#x947; &#x92E;&#x942;&#x932;&#x94D;&#x92F;&#x92A;&#x930;&#x915; &#x935;&#x948;&#x91A;&#x93E;&#x930;&#x93F;&#x915; &#x928;&#x93F;&#x92C;&#x928;&#x94D;&#x927; /</subfield>
    <subfield code="c">&#x936;&#x94B;&#x92D;&#x93E; &#x91C;&#x948;&#x928; &#x914;&#x930; &#x939;&#x930;&#x940;&#x924;&#x93F;&#x92E;&#x93E; &#x926;&#x940;&#x915;&#x94D;&#x937;&#x93F;&#x924; &#x926;&#x94D;&#x935;&#x93E;&#x930;&#x93E; &#x938;&#x902;&#x92A;&#x93E;&#x926;&#x93F;&#x924;</subfield>
  </datafield>
  <datafield tag="250" ind1=" " ind2=" ">
    <subfield code="a">&#x92A;&#x94D;&#x930;&#x925;&#x92E; </subfield>
  </datafield>
  <datafield tag="260" ind1=" " ind2=" ">
    <subfield code="a">&#x926;&#x93F;&#x932;&#x94D;&#x932;&#x940;  </subfield>
    <subfield code="b">&#x915;&#x94C;&#x936;&#x93F;&#x915; &#x92A;&#x92C;&#x94D;&#x932;&#x93F;&#x936;&#x93F;&#x902;&#x917; &#x939;&#x93E;&#x909;&#x938; </subfield>
    <subfield code="c">2021</subfield>
  </datafield>
  <datafield tag="270" ind1=" " ind2=" ">
    <subfield code="a">&#x90F;-49, &#x917;&#x932;&#x940; &#x928;&#x902;. 6, &#x91C;&#x917;&#x924;&#x92A;&#x941;&#x930;&#x940; &#x90F;&#x915;&#x94D;&#x938;&#x91F;&#x947;&#x936;&#x928;    </subfield>
    <subfield code="b">&#x926;&#x93F;&#x932;&#x94D;&#x932;&#x940; </subfield>
    <subfield code="e">110093</subfield>
    <subfield code="k">98118277837</subfield>
    <subfield code="m">kphouse2016@gmail.com </subfield>
  </datafield>
  <datafield tag="300" ind1=" " ind2=" ">
    <subfield code="a">136&#x92A;&#x943;.</subfield>
    <subfield code="c">22&#x938;&#x947;&#x92E;&#x940;. (&#x938;&#x91C;&#x93F;&#x932;&#x94D;&#x926;)</subfield>
  </datafield>
  <datafield tag="700" ind1=" " ind2=" ">
    <subfield code="9">72903</subfield>
    <subfield code="a">&#x91C;&#x948;&#x928;, &#x936;&#x94B;&#x92D;&#x93E; </subfield>
  </datafield>
  <datafield tag="700" ind1=" " ind2=" ">
    <subfield code="a">&#x926;&#x940;&#x915;&#x94D;&#x937;&#x93F;&#x924;, &#x939;&#x930;&#x940;&#x924;&#x93F;&#x92E;&#x93E;  </subfield>
    <subfield code="9">74075</subfield>
  </datafield>
  <datafield tag="942" ind1=" " ind2=" ">
    <subfield code="2">ddc</subfield>
    <subfield code="c">HN</subfield>
    <subfield code="h">808.88</subfield>
    <subfield code="m">&#x921;&#x949;&#x92E;&#x93F;&#x925;&#x93F;</subfield>
  </datafield>
  <datafield tag="999" ind1=" " ind2=" ">
    <subfield code="c">206466</subfield>
    <subfield code="d">206466</subfield>
  </datafield>
  <datafield tag="952" ind1=" " ind2=" ">
    <subfield code="0">0</subfield>
    <subfield code="1">0</subfield>
    <subfield code="4">0</subfield>
    <subfield code="7">0</subfield>
    <subfield code="8">NFIC</subfield>
    <subfield code="a">BN</subfield>
    <subfield code="b">BN</subfield>
    <subfield code="d">2024-10-17</subfield>
    <subfield code="e">DBAD</subfield>
    <subfield code="g">350.00</subfield>
    <subfield code="l">0</subfield>
    <subfield code="o">808.88 &#x921;&#x949;&#x92E;&#x93F;&#x925;&#x93F;</subfield>
    <subfield code="p">HN-101028</subfield>
    <subfield code="r">2024-10-17 00:00:00</subfield>
    <subfield code="t">1</subfield>
    <subfield code="v">350.00</subfield>
    <subfield code="w">2024-10-17</subfield>
    <subfield code="y">HN</subfield>
  </datafield>
</record>
